|
|
|
|
| LEADER |
00683nam a22001937a 4500 |
| 001 |
c000115091 |
| 003 |
CARM |
| 005 |
19991215115508.0 |
| 008 |
990610s1960 enk 000 1 eng d |
| 019 |
1 |
|
|a 20131067
|5 LACONCORD2021
|
| 035 |
|
|
|a (OCoLC)30235148
|5 LACONCORD2021
|
| 040 |
|
|
|a VCAV
|b eng
|c VCAV
|
| 100 |
1 |
|
|a Shore, Juliet.
|
| 245 |
1 |
0 |
|a Doctor Mary's mission /
|c by Juliet Shore.
|
| 260 |
|
|
|a London :
|b Mills & Boon,
|c 1960.
|
| 300 |
|
|
|a 192 p.
|
| 852 |
8 |
|
|b CARM
|h A2:AN19A0
|i A02594
|p 0164038
|f BK
|
| 999 |
f |
f |
|i f20e6457-32ef-5705-ab7f-77e4ef2f0d9a
|s 56e150b4-6044-5c70-8d24-bf3e2e37b7bf
|
| 952 |
f |
f |
|p Can circulate
|a CAVAL
|b CAVAL
|c CAVAL
|d CARM 1 Store
|e A02594
|f A2:AN19A0
|h Other scheme
|i book
|m 0164038
|